Responses for Show #6149 - Thursday, May 12, 2011

2011 Teachers Tournament final game 1.

Contestants

[<< previous game]

Charles Temple, a high school English teacher from Ocracoke, North Carolina

Larry DeMoss, a high school English teacher from Ellettsville, Indiana

Lori Kissell, a high school Latin teacher from Fredericksburg, Virginia

[next game >>]

Jeopardy! Round responses

YOU GET A STAR
COUNTRY: STRONG
ETHNIC GROUPS
VENDING MACHINES
ARRIVALS
IT'S "MAY"!
    $200 16
Max Wolf (the man who discovered it)

Triple Stumper
    $200 21
the Grand Ole Opry

Charles
    $200 2
Iran

Charles
    $200 22
drinks (sodas accepted)

Lori
    $200 11
Lindbergh

Charles
    $200 1
Mayberry

Charles
    $400 17
(Larry: What is a red giant?)

super giant

LarryCharles
    $400 23
"A River"

Triple Stumper
    $400 3
(Charles: What is Spain?)

Portugal

LarryCharles
    $400 25
cigarettes

Larry
    $400 12
Julius Caesar

Charles
    $400 7
mayonnaise

Charles
    $600 18
magnitude

Charles
    $600 24
Brad Paisley

Triple Stumper
    $600 4
Cyprus

Larry
    $600 26
peanut butter

Larry
    $600 13
kissing the ground

Lori
    $600 8
the Mayflower

Charles
    $800 19
a binary

Charles
    $800 29
CMT (Country Music Television)

Lori
    $800 5
the Maori

Charles
    $800 27
Redbox

Larry
    $800 14
Jamaica

Charles
    $800 9
the mayfly

Lori
    $1000 20
(Larry: What is emission?)

wind

LoriLarry
    $1000 30
(Charles: Who is Jewel?)

Miranda Lambert

LoriCharles
    $1000 6
gypsies

Charles
    $1000 28
(Lori: What is a plug?)
[Lori's response was accepted at the start of the Double Jeopardy! round.]

a slug

LoriLarry
    $2,200 15
(Charles: What is Yokohama?)

the Tokyo bay

Charles
    $1000 10
(Larry: What is Mayfield?)

Mayfair

LarryCharles

Scores at the first commercial break (after clue 15):

Lori Larry Charles
$1,400 $0 $3,000

Scores at the end of the Jeopardy! Round:

Lori Larry Charles
$5,400 $1,400 $4,000

Double Jeopardy! Round responses

BIBLICAL WOMEN
FILM GRAMMAR
QUOTES ABOUT TEACHING
THE UNIVERSITY OF NOTRE DAME
COLORFUL 19th CENTURY LIT
BROKEN ENGLISH
    $400 1
Delilah

Charles
    $400 4
a calendar

Charles
    $400 13
Alexander the Great

Larry
    $400 18
co-education

Lori
    $400 2
The Red Badge of Courage

Larry
    $400 22
burst

Larry
    $800 3
Ruth

Lori
    $800 9
POV (point of view)

Lori
    $800 14
Kennedy

Larry
    $800 23
Rudy (or Knute Rockne, All American)

Larry
    $800 5
Black Beauty

Lori
    $800 26
"Breaking Up"

Lori
    $2,500 19
Jezebel

Lori
    $1200 10
a reaction shot

Charles
    $1200 15
The Prophet

Larry
    $1200 24
(Larry: Who are the Franciscans?)

the Jesuits

LoriLarry
    $1200 6
(Herman) Melville

Larry
    $1200 27
snap

Larry
    $1600 20
Deborah

Lori
    $1600 11
truth

Charles
    $1600 16
(Malcolm) Forbes

Charles
    $1600 7
A Study in Scarlet

Charles
    $1600 25
fractured

Larry
    $2000 21
(Larry: Who is Sarah?)

Rebecca

Larry
Triple Stumper
    $2000 12
deutsche

Charles
    $2000 17
(Charles: Who is Dewey?)

(Horace) Mann

LarryCharles
    $2000 8
(Thomas) Hardy

Charles
    $2,800 28
[The end-of-round signal sounds.]

cracked

Larry

Scores at the end of the Double Jeopardy! Round:

Lori Larry Charles
$14,300 $11,000 $12,800

Final Jeopardy! Round responses

AFI LIFE ACHIEVEMENT AWARDS
LarryWho are the Reiners?
$4,000
CharlesWho are Kirk & Michael Douglas?
$6,000
LoriWho are Kirk Douglas & Michael?
$12,000
Kirk Douglas & Michael Douglas

Final scores:

Lori Larry Charles
$26,300 $7,000 $18,800

Game dynamics:

Coryat scores:

Lori Larry Charles
$13,000 $10,200 $15,000
15 R
(including 1 DD),
0 W
17 R
(including 1 DD),
5 W
22 R,
4 W
(including 1 DD)

Combined Coryat: $38,200

[game clues] [game scores] [suggest correction]

Game tape date: 2011-03-29
The J! Archive is created by fans, for fans. Scraping, republication, monetization, and malicious use prohibited; this site may use cookies and collect identifying information. See terms. The Jeopardy! game show and all elements thereof, including but not limited to copyright and trademark thereto, are the property of Jeopardy Productions, Inc. and are protected under law. This website is not affiliated with, sponsored by, or operated by Jeopardy Productions, Inc. Join the discussion at JBoard.tv.